[Event "Tourn. n8752"]
[Site "www.chess-mail.com"]
[Date "2016.05.31"]
[Round "1"]
[White "Claudia"]
[Black "Falcoale"]
[WhiteElo "1810"]
[BlackElo "1700"]
[Result "1-0"]
[Round "1"]
1.d4 Ng8f6
2.c4 e6
3.Nb1c3 Bf8b4
4.e3 Nf6e4
5.Qd1c2 d5
6.Bc1d2 Ne4xd2
7.Qc2xd2 O-O
8.cxd5 exd5
9.Bf1d3  { time }
1-0

[Event "Tourn. n8727"]
[Site "www.chess-mail.com"]
[Date "2016.05.31"]
[Round "1"]
[White "Picifarkinca"]
[Black "Genius3"]
[WhiteElo "1720"]
[BlackElo "1680"]
[Result "1-0"]
[Round "1"]
1.d4 b6
2.e4 Bc8b7
3.Bf1d3 g6
4.Ng1f3 Bf8g7
5.O-O e6
6.c4 Ng8e7
7.Nb1c3 O-O
8.Bc1g5 h6
9.Bg5f4 d5
10.cxd5 exd5
11.e5 Nb8a6
12.Qd1e2 Na6b4
13.Bd3b5 a6
14.Bb5a4 b5
15.Ba4d1 Nb4c6
16.Ra1c1 Ne7f5
17.Qe2d2 Kh7
18.Bd1c2 Nf5h4
19.Nf3xh4 Qd8xh4
20.Bf4e3 Qh4d8
21.f4 Nc6e7
22.Be3f2 Ne7c6
23.Bc2b1 Nc6e7
24.Bf2h4 Qd8d7
25.Bh4xe7 Qd7xe7
26.f5 gxf5
27.Rf1xf5  { time }
1-0

[Event "Tourn. n8701"]
[Site "www.chess-mail.com"]
[Date "2016.05.31"]
[Round "1"]
[White "Tartan"]
[Black "Milkyway"]
[WhiteElo "2430"]
[BlackElo "2269"]
[Result "1-0"]
[Round "1"]
1.e4 e6
2.d4 d5
3.Nb1c3 dxe4
4.Nc3xe4 Bc8d7
5.Ng1f3 Bd7c6
6.Bf1d3 Bc6xe4
7.Bd3xe4 c6
8.O-O Ng8f6
9.Be4d3 Bf8d6
10.b3 O-O
11.Bc1b2 Nb8d7
12.c4 c5
13.dxc5 Bd6xc5
14.Qd1d2 Qd8e7
15.Bb2c3 a6
16.b4 Bc5d6
17.Rf1e1 Ra8c8
18.Ra1d1 Qe7d8
19.Bd3xh7 Kxh7
20.Qd2xd6 Qd8b6
21.Qd6f4 Rf8d8
22.c5 Qb6c6
23.Qf4g5 b6
24.Rd1d6 Qc6b7
25.Rd6d4 bxc5
26.Rd4g4 Rd8g8
27.Rg4h4 { resign }
1-0

[Event "Tourn. n8795"]
[Site "www.chess-mail.com"]
[Date "2016.05.31"]
[Round "1"]
[White "Derfel83"]
[Black "Panham"]
[WhiteElo "2060"]
[BlackElo "2200"]
[Result "1-0"]
[Round "1"]
1.c4 c6
2.e4 d5
3.exd5 cxd5
4.cxd5 Ng8f6
5.Nb1c3 Nf6xd5
6.Ng1f3 Nd5xc3
7.bxc3 Bc8g4
8.Bc1a3 g6
9.Qd1a4 Bg4d7
10.Qa4f4 Bf8g7
11.Nf3e5 O-O
12.Bf1c4 Qd8c7
13.Bc4xf7 { resign }
1-0

[Event "Tourn. n8756"]
[Site "www.chess-mail.com"]
[Date "2016.05.31"]
[Round "1"]
[White "Cheminet"]
[Black "Bojan"]
[WhiteElo "2030"]
[BlackElo "1850"]
[Result "1-0"]
[Round "1"]
1.e4 e5
2.Ng1f3 Nb8c6
3.Bf1c4 h6
4.a3 Ng8f6
5.d3 Nc6a5
6.Bc4a2 b6
7.Nf3xe5 Qd8e7
8.Ba2xf7 Kd8
9.Bc1f4 g5
10.Bf4g3 d6
11.Ne5g6 Qe7xf7
12.Ng6xh8 Qf7g7
13.O-O Qg7xh8
14.Kh1 Bc8e6
15.f4 Be6g4
16.Qd1e1 Nf6h5
17.fxg5 hxg5
18.Bg3h4 gxh4
19.Qe1xh4 Kc8
20.Qh4xg4 Kb7
21.Nb1c3 Ra8d8
22.Ra1b1 Na5c6
23.Nc3d5 Nc6e5
24.Qg4e2 c6
25.Nd5b4 c5
26.Qe2e1 cxb4
27.Qe1h4 Rd8d7
28.Rf1f5 Rd7h7
29.Rb1f1 Bf8e7
30.Qh4f2 Qh8g8
31.Kg1 Nh5g7
32.d4 Ne5c4
33.Rf5f7 Qg8e8
34.Qf2g3 Ng7h5
35.Qg3g6 Rh7xf7
36.Rf1xf7 bxa3
37.bxa3 Nc4xa3
38.Qg6xh5 Kc8
39.Qh5g4 Kd8
40.Rf7f3 Na3xc2
41.Rf3c3 Qe8d7
42.Qg4g8 Qd7e8
43.Rc3c8 { resign }
1-0

[Event "Tourn. n8777"]
[Site "www.chess-mail.com"]
[Date "2016.05.31"]
[Round "1"]
[White "Taxrama"]
[Black "Falcoale"]
[WhiteElo "1729"]
[BlackElo "1710"]
[Result "1-0"]
[Round "1"]
1.e4 c5
2.Nb1c3 Nb8c6
3.Ng1f3 e6
4.d3 Ng8f6
5.Bc1g5 h6
6.Bg5h4 Bf8e7
7.Bf1e2  { time }
1-0

[Event "Tourn. n8720"]
[Site "www.chess-mail.com"]
[Date "2016.05.31"]
[Round "1"]
[White "Paaliaq"]
[Black "Numanoid"]
[WhiteElo "2400"]
[BlackElo "2470"]
[Result "1-0"]
[Round "1"]
1.e4 c5
2.Ng1f3 e6
3.d4 cxd4
4.Nf3xd4 Ng8f6
5.Nb1c3 Bf8b4
6.e5 Nf6d5
7.Bc1d2 Nd5xc3
8.bxc3 Bb4a5
9.Qd1h5 a6
10.Bf1d3 Qd8c7
11.O-O Ba5xc3
12.Bd2xc3 Qc7xc3
13.Nd4f3 Nb8c6
14.Rf1e1 b5
15.Ra1d1 g6
16.Qh5h6 Bc8b7
17.Qh6g7 O-O-O
18.Nf3g5 Rd8g8
19.Qg7f6 Rg8f8
20.a4 bxa4
21.Bd3f1 h6
22.Ng5e4 { resign }
1-0

[Event "Tourn. n8759"]
[Site "www.chess-mail.com"]
[Date "2016.05.31"]
[Round "1"]
[White "Chessfan"]
[Black "Faerieking"]
[WhiteElo "2550"]
[BlackElo "2270"]
[Result "1-0"]
[Round "1"]
1.d4 Ng8f6
2.c4 e6
3.Ng1f3 Bf8b4
4.Bc1d2 c5
5.Bd2xb4 cxb4
6.a3 bxa3
7.Ra1xa3 d6
8.Nb1c3 O-O
9.g3 a6
10.Bf1g2 Qd8e7
11.O-O Bc8d7
12.e4 Rf8d8
13.e5 Nf6e8
14.d5 dxe5
15.Nf3xe5 exd5
16.Rf1e1 dxc4
17.Nc3d5 Qe7d6
18.Ne5xc4 { resign }
1-0

[Event "Tourn. n8772"]
[Site "www.chess-mail.com"]
[Date "2016.05.31"]
[Round "1"]
[White "Viru"]
[Black "Daquata"]
[WhiteElo "1840"]
[BlackElo "1740"]
[Result "0-1"]
[Round "1"]
1.e4 e5
2.Ng1f3 Nb8c6
3.Bf1c4 Bf8c5
4.O-O Ng8f6
5.Nf3g5 O-O
6.Ng5xf7 Rf8xf7
7.Bc4xf7 Kxf7
8.c3 d6
9.h3 Nf6xe4
10.Qd1h5 Kg8
11.d4 Ne4f6
12.Qh5h4 exd4
13.cxd4 Bc5xd4
14.a4 Bc8e6
15.Ra1a3 Qd8e7
16.Nb1c3 Bd4c5
17.Ra3a1 Ra8f8
18.Rf1e1 Qe7f7
19.Bc1e3 Bc5xe3
20.Re1xe3 Nc6e5
21.Ra1e1 Ne5g6
22.Qh4b4 Nf6d5
23.Nc3xd5 Qf7xf2
24.Kh2 Be6xd5
25.Qb4g4 Ng6e5
26.Re3xe5 dxe5
27.Re1xe5 Bd5c6
28.Re5e7 Qf2f4
29.Qg4xf4 Rf8xf4
30.a5 Rf4f2
31.Kg3 Rf2xg2
32.Kf4 a6
33.b4 Rg2b2
34.Re7xc7 Rb2xb4
35.Ke5 Rb4b5
36.Ke6 h6
37.Rc7c8 Kh7
38.h4 Rb5xa5
39.Kf7 Ra5f5
40.Ke7 Rf5h5
41.Rc8d8 Rh5xh4
42.Ke6 h5
43.Ke5 Rh4g4
{ resign }
0-1

[Event "Tourn. n8785"]
[Site "www.chess-mail.com"]
[Date "2016.05.31"]
[Round "1"]
[White "Jhzes"]
[Black "Raven16"]
[WhiteElo "2319"]
[BlackElo "2160"]
[Result "0-1"]
[Round "1"]
1.d4 d5
2.Nb1c3 Ng8f6
3.Bc1g5 Nf6e4
4.Nc3xe4 dxe4
5.e3 Nb8c6
6.Bf1b5 Bc8d7
7.d5 Nc6e5
8.Qd1e2 a6
9.Bb5xd7 Qd8xd7
10.O-O-O f6
11.Bg5f4 Ne5g6
12.Bf4g3 O-O-O
13.Rd1d4 e5
14.Rd4d2 Qd7a4
15.Kb1 Bf8b4
16.c3 Bb4a5
17.Qe2g4 Qa4d7
18.Qg4xe4 Qd7b5
19.Qe4d3 Qb5xd3
20.Rd2xd3 Ng6e7
21.c4 Ne7f5
22.a3 Nf5xg3
23.hxg3 h6
24.b4 Ba5b6
25.c5 Bb6a7
26.e4 b6
27.c6 b5
28.Rd3f3 Rd8d6
29.Ng1e2 Kd8
30.Rh1d1 Ke7
31.g4 h5
32.gxh5 Rh8xh5
33.g4 Rh5h2
34.Rd1f1 Rd6d8
35.Ne2g3 g6
36.Kc1 Rd8h8
37.Kd1 Rh8h4
38.g5 fxg5
39.Ke1 Rh4f4
40.Rf3xf4 gxf4
41.Ng3e2 f3
42.Ne2g3 Ba7d4
43.Rf1h1 Bd4xf2
44.Kf1 Bf2xg3
45.Rh1xh2 Bg3xh2
46.Kf2 Bh2f4
47.Ke1 g5
48.Kf2 g4
{ resign }
0-1

[Event "Tourn. n8795"]
[Site "www.chess-mail.com"]
[Date "2016.05.31"]
[Round "1"]
[White "Derfel83"]
[Black "Jhzes"]
[WhiteElo "2060"]
[BlackElo "2090"]
[Result "1-0"]
[Round "1"]
1.e4 Ng8f6
2.e5 Nf6d5
3.d4 c5
4.Bf1c4 cxd4
5.Qd1xd4 Nd5b6
6.Bc4b3 Nb8c6
7.Qd4f4 e6
8.Ng1f3 h6
9.O-O Bf8c5
10.Nb1c3 d5
11.Qf4g3 g6
12.Nc3b5 a6
13.Nb5d6 Bc5xd6
14.exd6 g5
15.Rf1e1 f5
16.Qg3h3 Qd8xd6
17.Qh3h5 Kd7
18.Bc1xg5 Qd6f8
19.Bg5h4 Qf8g7
20.Ra1d1 Qg7xb2
21.Qh5f7 Kd6
22.Bh4f6 Nc6d8
23.Qf7e7 { resign }
1-0

[Event "Match"]
[Site "www.echecsemail.com"]
[Date "2016.05.31"]
[Round "1"]
[White "Genius4"]
[Black "Pinehill"]
[WhiteElo "1720"]
[BlackElo "2100"]
[Result "0-1"]
[Round "1"]
1.d4 Ng8f6
2.c4 e6
3.Ng1f3 d5
4.cxd5 exd5
5.Nb1c3 Bf8b4
6.Bc1d2 c6
7.e3 Bc8f5
8.a3 Bb4xc3
9.Bd2xc3 O-O
10.Bf1d3 Bf5e4
11.O-O Rf8e8
12.Nf3e5 { time. }
0-1

[Event "Match"]
[Site "www.echecsemail.com"]
[Date "2016.05.31"]
[Round "1"]
[White "Thecellist"]
[Black "Mrynmryn"]
[WhiteElo "1809"]
[BlackElo "1990"]
[Result "0-1"]
[Round "1"]
1.e4 e5
2.Ng1f3 Ng8f6
3.Nf3xe5 d6
4.Ne5f3 Nf6xe4
5.d4 d5
6.Bf1d3 b6
7.O-O Bc8b7
 { time }
0-1

[Event "Match"]
[Site "www.echecsemail.com"]
[Date "2016.05.31"]
[Round "1"]
[White "Knightjumper"]
[Black "Llord"]
[WhiteElo "1680"]
[BlackElo "1770"]
[Result "0-1"]
[Round "1"]
1.Ng1f3 Nb8c6
2.d4 d5
3.Bc1f4 Bc8f5
4.c3 Ng8f6
5.e3 e6
6.Bf1b5 a6
7.Bb5xc6 bxc6
8.O-O Bf8d6
9.Nf3e5 Bd6xe5
10.Bf4xe5 O-O
11.Nb1d2 Bf5g4
12.Be5xf6 Qd8xf6
13.Qd1xg4 Ra8b8
14.Nd2b3 g6
15.e4 dxe4
16.Qg4xe4 Qf6g5
17.f4 Qg5b5
18.Rf1f2 Rb8e8
19.Qe4e5 Qb5xe5
20.fxe5 Re8b8
21.Ra1f1 h5
22.Nb3c5 Rb8d8
 { time }
0-1

[Event "Match"]
[Site "www.echecsemail.com"]
[Date "2016.05.31"]
[Round "1"]
[White "Canario"]
[Black "Knightjumper"]
[WhiteElo "1850"]
[BlackElo "1680"]
[Result "1-0"]
[Round "1"]
1.e4 e5
2.Ng1f3 d6
3.Nb1c3 Ng8f6
4.Bf1c4 Bf8e7
5.d3 O-O
6.h3 Nb8c6
7.O-O a6
8.a3 b5
9.Bc4a2 Bc8b7
10.Bc1e3 Nc6b8
11.Nf3h4 Nf6xe4
12.Nc3xe4 Be7xh4
13.Qd1f3 Bh4e7
14.Qf3g3 Bb7xe4
15.dxe4 Be7f6
16.Ba2d5 c6
17.Bd5a2  { time }
1-0

[Event "Match"]
[Site "www.echecsemail.com"]
[Date "2016.05.31"]
[Round "1"]
[White "Pinehill"]
[Black "Chapi"]
[WhiteElo "2060"]
[BlackElo "2130"]
[Result "0-1"]
[Round "1"]
1.e4 c5
2.Ng1f3 Nb8c6
3.d4 cxd4
4.Nf3xd4 g6
5.Nb1c3 Bf8g7
6.Bc1e3 Ng8f6
7.Bf1e2 O-O
8.Qd1d2 a6
9.f3 d5
10.exd5 Nf6xd5
11.Nc3xd5 Qd8xd5
12.O-O-O Qd5xa2
13.c3 Rf8d8
14.Qd2c2 Nc6xd4
15.Be3xd4 Bg7h6
{ resign }
0-1

[Event "Match"]
[Site "www.echecsemail.com"]
[Date "2016.05.31"]
[Round "1"]
[White "Chessexpert"]
[Black "Willyp"]
[WhiteElo "1640"]
[BlackElo "1599"]
[Result "0-1"]
[Round "1"]
1.Nb1c3 Ng8f6
2.e4 e5
3.Ng1f3 d6
4.d4 Bc8g4
5.dxe5 Bg4xf3
6.gxf3 dxe5
7.Qd1xd8 Kxd8
8.Bc1g5 Bf8b4
9.O-O-O Nb8d7
10.Nc3d5 Bb4d6
11.Nd5xf6 Nd7xf6
12.c4 Ke7
13.Bf1h3 b6
14.a3 Rh8d8
15.Rh1g1 h6
16.Bg5xf6 Kxf6
 { time }
0-1

[Event "Match"]
[Site "www.echecsemail.com"]
[Date "2016.05.31"]
[Round "1"]
[White "Llord"]
[Black "Genius9"]
[WhiteElo "1790"]
[BlackElo "1770"]
[Result "1-0"]
[Round "1"]
1.e4 c5
2.Bf1c4 e6
3.Ng1f3 a6
4.a4 Nb8c6
5.Nb1c3 d6
6.O-O Ng8f6
7.d3 Bf8e7
8.Bc1g5 O-O
9.Rf1e1 Qd8c7
10.Bg5f4 e5
11.Bf4g5 Bc8g4
12.h3 Bg4h5
13.Nc3d5 Nf6xd5
14.exd5 Be7xg5
15.dxc6 Bh5xf3
16.Qd1xf3 bxc6
17.Re1e4 d5
18.Re4g4 Bg5h6
19.Bc4a2 f5
20.Rg4g3 Kh8
21.c4 e4
22.dxe4 fxe4
23.Qf3g4 Ra8d8
24.cxd5 cxd5
25.Ra1d1 Rf8f4
26.Qg4e6 Rf4f6
27.Qe6g4 c4
28.Kh1 Rd8b8
29.Rd1xd5 Qc7c6
{ time. }
1-0

[Event "Match"]
[Site "www.echecsemail.com"]
[Date "2016.05.31"]
[Round "1"]
[White "Huw"]
[Black "Genius4"]
[WhiteElo "2300"]
[BlackElo "1720"]
[Result "1-0"]
[Round "1"]
1.d4 Ng8f6
2.c4 e6
3.Ng1f3 b6
4.g3 Bc8b7
5.Bf1g2 Bf8e7
6.Bc1f4 O-O
7.O-O d6
8.Nb1c3 Nf6e4
9.Qd1c2 f5
10.Ra1d1 Nb8d7
{ time. }
1-0

[Event "Match"]
[Site "www.echecsemail.com"]
[Date "2016.05.31"]
[Round "1"]
[White "Genius4"]
[Black "Toblakay"]
[WhiteElo "1720"]
[BlackElo "2060"]
[Result "0-1"]
[Round "1"]
1.d4 d5
2.Nb1c3 Ng8f6
3.Bc1g5 c5
4.e3 Nb8c6
5.Ng1f3 Bc8g4
6.Bf1b5 e6
7.h3 Bg4xf3
8.Bb5xc6 bxc6
9.Qd1xf3 { time. }
0-1

[Event "Match"]
[Site "www.echecsemail.com"]
[Date "2016.05.31"]
[Round "1"]
[White "Chapi"]
[Black "Genius9"]
[WhiteElo "2100"]
[BlackElo "1770"]
[Result "1-0"]
[Round "1"]
1.d4 d5
2.c4 e6
3.Ng1f3 c6
4.cxd5 exd5
5.Bc1g5 Qd8b6
6.b3 Bf8e7
7.e3 Ng8f6
8.Bf1d3 h6
9.Bg5h4 O-O
10.O-O Bc8g4
11.Nb1d2 Nb8d7
12.Qd1c2 Rf8e8
13.Bd3f5 Bg4xf5
14.Qc2xf5 Nd7f8
15.Nf3e5 Nf8e6
16.Bh4xf6 Be7xf6
17.Ne5d7 Qb6d8
18.Nd7xf6 Qd8xf6
19.Qf5xf6 gxf6
20.Nd2f3 Ne6g5
21.Nf3h4 Kh7
22.Nh4f5 Kg6
23.Nf5g3 h5
24.h4 Ng5e4
25.Ng3xe4 Re8xe4
26.g3 f5
27.Kg2 Ra8e8
28.Ra1c1 Re8e7
29.Rc1c5 Re4e6
30.Rf1c1 Re6e4
31.a4 Re7e6
32.b4 a6
{ time. }
1-0

[Event "Match"]
[Site "www.echecsemail.com"]
[Date "2016.05.31"]
[Round "1"]
[White "Derfel83"]
[Black "Genius4"]
[WhiteElo "2070"]
[BlackElo "1810"]
[Result "1-0"]
[Round "1"]
1.e4 c5
2.d4 cxd4
3.c3 d5
4.Qd1xd4 e6
5.exd5 exd5
6.Bf1b5 Nb8c6
7.Ng1f3 Ng8f6
8.Nf3e5 Bc8d7
{ time. }
1-0

[Event "Match"]
[Site "www.echecsemail.com"]
[Date "2016.05.31"]
[Round "1"]
[White "Vitoriccardo"]
[Black "Genius4"]
[WhiteElo "1920"]
[BlackElo "1720"]
[Result "1-0"]
[Round "1"]
1.e4 e5
2.Ng1f3 d6
3.d4 exd4
4.Qd1xd4 Nb8c6
5.Bf1b5 Bc8d7
6.Bb5xc6 Bd7xc6
7.Nb1c3 Ng8f6
8.Bc1g5 Bf8e7
9.O-O-O Qd8d7
10.Rh1e1 a6
11.e5 dxe5
{ time. }
1-0

[Event "Match"]
[Site "www.echecsemail.com"]
[Date "2016.05.31"]
[Round "1"]
[White "Guidom"]
[Black "Jhzes"]
[WhiteElo "2110"]
[BlackElo "2090"]
[Result "1-0"]
[Round "1"]
1.e4 e6
2.d4 c5
3.d5 Bf8d6
4.c4 exd5
5.exd5 a6
6.Qd1g4 Bd6e5
7.Ng1f3 d6
8.Qg4h5 Ng8f6
9.Qh5h4 Bc8f5
10.Nf3xe5 dxe5
11.Bc1d2 h6
12.Nb1c3 g5
13.Bd2xg5 Nb8d7
14.Bg5xf6 Nd7xf6
15.Bf1e2 e4
16.O-O b5
17.b3 b4
18.Nc3a4 Qd8d6
19.Rf1e1 O-O-O
20.Na4xc5 Rh8g8
21.Qh4xh6 Rg8h8
22.Nc5xe4 Bf5xe4
23.c5 Qd6b8
24.Be2xa6 Kd7
25.Qh6xf6 Qb8xh2
26.Kf1 Be4xg2
27.Ke2 Qh2h5
28.f3 Bg2xf3
29.Qf6xf3 Rd8e8
30.Kf2 Qh5h4
31.Kf1 Re8f8
32.d6 Rh8h6
33.Ba6b5 { resign }
1-0

[Event "Match"]
[Site "www.echecsemail.com"]
[Date "2016.05.31"]
[Round "1"]
[White "Azorau"]
[Black "Chessexpert"]
[WhiteElo "1900"]
[BlackElo "1480"]
[Result "1-0"]
[Round "1"]
1.e4 e5
2.Bf1c4 Ng8f6
3.Nb1c3 Bf8c5
4.Qd1f3 Nb8c6
5.Ng1e2 d6
6.h3 O-O
7.O-O Nc6d4
8.Qf3d3 a6
9.a3 Qd8e7
10.Ne2g3 b5
11.Ng3f5 Bc8xf5
12.exf5 bxc4
13.Qd3xc4 Nd4xc2
14.Ra1a2 Nc2d4
15.d3 Nd4xf5
16.Bc1g5 Qe7e6
17.Bg5xf6 Qe6xf6
18.Nc3d5 Qf6d8
19.b4 Bc5b6
20.Qc4g4 Nf5h6
21.Qg4h5 Qd8d7
22.Qh5g5 f6
23.Qg5g3 Bb6d4
24.Ra2c2 c6
25.Nd5b6 Bd4xb6
26.Qg3f3 d5
27.Rf1c1 Ra8c8
28.a4 Bb6d4
29.a5 Nh6f7
30.h4 Qd7d6
31.h5 Nf7g5
32.Qf3g3  { time }
1-0

[Event "Match"]
[Site "www.echecsemail.com"]
[Date "2016.05.31"]
[Round "1"]
[White "Pinehill"]
[Black "Genius4"]
[WhiteElo "2100"]
[BlackElo "1720"]
[Result "1-0"]
[Round "1"]
1.e4 Nb8c6
2.d4 d5
3.e5 Bc8f5
4.Ng1f3 e6
5.Bf1e2 Qd8d7
6.Nb1c3 f6
7.Bc1f4 g5
8.Bf4g3 h6
9.O-O Bf8g7
10.h3 Ng8e7
11.Rf1e1 O-O-O
12.Be2b5 a6
{ time. }
1-0

[Event "Match"]
[Site "www.echecsemail.com"]
[Date "2016.05.31"]
[Round "1"]
[White "Caspito"]
[Black "Genius4"]
[WhiteElo "1790"]
[BlackElo "1720"]
[Result "1-0"]
[Round "1"]
1.e4 c6
2.d4 d5
3.e5 Bc8f5
4.Ng1f3 e6
5.Bf1d3 Bf5xd3
6.Qd1xd3 Qd8a5
7.Bc1d2 Qa5a6
8.O-O Qa6xd3
9.cxd3 Nb8d7
10.Bd2f4 c5
11.b3 cxd4
12.Nb1d2 Ra8c8
{ time. }
1-0

[Event "Match"]
[Site "www.echecsemail.com"]
[Date "2016.05.31"]
[Round "1"]
[White "Billyg"]
[Black "Daquata"]
[WhiteElo "1550"]
[BlackElo "1590"]
[Result "0-1"]
[Round "1"]
1.e4 c5
2.d4 cxd4
3.Qd1xd4 Nb8c6
4.Qd4e3 d6
5.Bf1b5 Bc8d7
6.Bb5d3 g6
7.Ng1f3 Bf8g7
8.Nf3d4 Ng8f6
9.Nd4xc6 Bd7xc6
10.O-O O-O
11.Nb1c3 Ra8c8
12.Qe3xa7 e6
13.Bc1g5 h6
14.Bg5h4 Qd8c7
15.Nc3b5 Bc6xb5
16.Bd3xb5 Qc7xc2
17.Qa7xb7 Nf6xe4
18.Ra1c1 Qc2xc1
19.Qb7xe4 Qc1xb2
20.a4 Qb2d4
21.Qe4xd4 Bg7xd4
22.Bh4e7 Rc8a8
23.Be7xf8 Kxf8
24.Rf1e1 d5
25.Re1d1 Bd4f6
26.g3 d4
27.f4 Bf6e7
28.Kh1 Kg7
29.Rd1xd4 Kf6
30.g4 Ra8b8
31.Rd4d3 Rb8c8
32.Rd3d1 Rc8c5
33.Rd1f1 Be7d6
34.Bb5d3 Rc5c3
35.Rf1f3 Rc3a3
36.f5 exf5
37.gxf5 g5
38.Rf3h3 Kg7
39.Rh3f3 Ra3xa4
40.f6 Kh8
41.Rf3f1 Ra4f4
42.Rf1e1 Rf4xf6
43.Re1d1 Rf6f2
44.Kg1 Bd6c5
45.Kh1 f5
46.Rd1c1 Bc5e3
47.Rc1e1 f4
48.Bd3e4 Kg7
49.Be4f5 Kf6
50.Bf5g4 Kg6
51.Re1d1 Rf2d2
52.Rd1b1 Rd2d6
53.Rb1b5 h5
54.Bg4f5 Kf6
55.h3 f3
56.Bf5e4 Rd6d1
57.Kh2 Be3f4
{ resign }
0-1

[Event "Match"]
[Site "www.echecsemail.com"]
[Date "2016.05.31"]
[Round "1"]
[White "Hundegana"]
[Black "Gandalf"]
[WhiteElo "1910"]
[BlackElo "1610"]
[Result "1-0"]
[Round "1"]
1.e4 c5
2.c4 Nb8c6
3.a3 d6
4.b3 Ng8f6
5.Nb1c3 g6
6.f4 Bf8g7
7.Ra1b1 O-O
8.Ng1f3 Bc8g4
9.h3 Bg4xf3
10.Qd1xf3 Nc6d4
11.Qf3d3 e6
12.b4 b6
13.bxc5 dxc5
14.e5 Nf6d7
15.Nc3b5 Nd4xb5
16.cxb5 Qd8c7
17.Bf1e2 Rf8d8
18.Qd3f3 Ra8c8
19.Be2c4 Nd7f8
20.O-O Rd8d4
21.d3 Rd4d7
22.Qf3c6 Qc7xc6
23.bxc6 Rd7d8
24.Bc4b5 Rc8c7
25.g3 a6
26.Bb5xa6 Rc7xc6
27.Ba6b5 Rc6c8
28.a4 g5
29.fxg5 Bg7xe5
30.Kh2 Nf8g6
31.Bc1b2 Be5xb2
32.Rb1xb2 Ng6e5
33.Rb2f2 Kg7
34.g4 Rc8c7
35.Kg3 Ne5xd3
36.Rf2d2 c4
{ time. }
1-0

[Event "Match"]
[Site "www.echecsemail.com"]
[Date "2016.05.31"]
[Round "1"]
[White "Xkafi"]
[Black "Ericleo1980"]
[WhiteElo "2010"]
[BlackElo "2270"]
[Result "0-1"]
[Round "1"]
1.e4 c5
2.Bf1c4 e6
3.d4 cxd4
4.Qd1xd4 Nb8c6
5.Qd4e3 d6
6.a3 Ng8f6
7.Bc4b5 Bc8d7
8.Bb5d3 Bf8e7
9.h3 Ra8c8
10.Nb1c3 a6
11.Qe3g3 O-O
12.Bd3e2 Nc6d4
13.Be2d3 Rf8e8
14.Ng1f3 Nd4xf3
15.gxf3 Qd8b6
16.h4 Rc8c6
17.h5 Re8c8
18.Ke2 Kh8
19.Ra1b1 Be7f8
20.Bc1g5 Nf6e8
21.Bg5e3 Qb6a5
22.Rb1g1 b5
23.Be3h6 Rc6xc3
24.Bh6xg7 Ne8xg7
25.h6 Rc3xc2
26.Bd3xc2 Rc8xc2
27.Kf1 Rc2c1
28.Kg2 Rc1xg1
29.Rh1xg1 Ng7h5
30.Qg3g5 Nh5f4
31.Qg5xf4 Qa5d8
32.Kh1 e5
33.Qf4h2 Qd8f6
34.Rg1g3 Qf6xh6
35.Rg3h3 Qh6xh3
{ resign }
0-1

[Event "Match"]
[Site "www.echecsemail.com"]
[Date "2016.05.31"]
[Round "1"]
[White "Genius4"]
[Black "Attatroll"]
[WhiteElo "1720"]
[BlackElo "1970"]
[Result "0-1"]
[Round "1"]
1.e4 d6
2.d4 Ng8f6
3.Nb1c3 g6
4.g3 Bf8g7
5.Bf1g2 c6
6.Ng1e2 O-O
7.O-O Bc8g4
8.h3 Bg4d7
9.Bc1e3 Nb8a6
10.a3 Na6c7
11.Qd1d2 { time. }
0-1

[Event "Match"]
[Site "www.echecsemail.com"]
[Date "2016.05.31"]
[Round "1"]
[White "Orae"]
[Black "Genius4"]
[WhiteElo "1740"]
[BlackElo "1720"]
[Result "1-0"]
[Round "1"]
1.e4 e5
2.Bf1c4 Ng8f6
3.Nb1c3 Bf8c5
4.h3 d6
5.Ng1f3 O-O
6.O-O a6
7.Qd1e1 Nb8c6
8.a3 Bc5a7
9.d3 Nc6d4
10.Nf3xd4 Ba7xd4
11.Bc1g5 h6
{ time. }
1-0

[Event "Match"]
[Site "www.echecsemail.com"]
[Date "2016.05.31"]
[Round "1"]
[White "Romaamor69"]
[Black "Chessexpert"]
[WhiteElo "1639"]
[BlackElo "1660"]
[Result "1-0"]
[Round "1"]
1.d4 Ng8f6
2.Ng1f3 g6
3.g3 d5
4.Bf1g2 Bf8g7
5.O-O O-O
6.c4 c6
7.Qd1b3 dxc4
8.Qb3xc4 Bc8e6
9.Qc4a4 Be6d5
10.Nb1c3 Nf6e4
11.Nc3xd5 cxd5
12.Qa4b3 b6
13.Bc1f4 Nb8c6
14.Ra1c1 Ra8c8
15.Rf1d1 e6
16.Qb3a4 Nc6a5
17.Rc1xc8 Qd8xc8
18.Rd1c1 Qc8e8
19.Qa4xe8 Rf8xe8
20.Rc1c7 Re8a8
21.Nf3e5  { time }
1-0

[Event "Match"]
[Site "www.echecsemail.com"]
[Date "2016.05.31"]
[Round "1"]
[White "Osmundw"]
[Black "Crazyhorse"]
[WhiteElo "1380"]
[BlackElo "1499"]
[Result "0-1"]
[Round "1"]
1.e4 d5
2.Bf1d3 Ng8f6
3.Bd3b5 c6
4.Bb5e2 Nf6xe4
5.b3 Qd8b6
6.Bc1b2 Qb6xf2

0-1

[Event "1/128 Finale"]
[Site "www.chess-mail.com"]
[Date "2016.05.31"]
[Round "1"]
[White "Genius3"]
[Black "Hennie4820"]
[WhiteElo "1680"]
[BlackElo "1970"]
[Result "0-1"]
[Round "1"]
1.e4 c5
2.Ng1f3 e6
3.d4 cxd4
4.Nf3xd4 Ng8f6
5.Bf1d3 Qd8b6
6.Nd4b3 Nb8c6
7.O-O Bf8e7
8.Nb1c3 a6
9.Bc1e3 Qb6c7
10.h3 d6
11.a3 O-O
12.Qd1e2 Nc6e5
13.f4 Ne5xd3
14.cxd3 b5
15.Ra1c1 Qc7d7
16.g4 Qd7d8
17.Qe2f2 Bc8b7
18.Qf2g3 Nf6d7
19.g5 g6
20.h4 f5
21.Rc1e1 d5
22.exd5 exd5
23.Nb3d4 Qd8c8
24.Be3f2 Be7d6
25.Nd4e6 Rf8f7
26.Bf2d4 Bd6c5
27.Ne6xc5 Nd7xc5
28.Qg3e3 Nc5b3
29.Qe3e5 Nb3xd4
30.Qe5xd4 Qc8d7
31.Re1e5 Ra8d8
32.Rf1e1 Bb7c6
33.Re5e6 a5
34.Re6f6 Rf7xf6
 { time }
0-1

[Event "1/32 Finale"]
[Site "www.chess-mail.com"]
[Date "2016.05.31"]
[Round "1"]
[White "Badshahc"]
[Black "Buchauer"]
[WhiteElo "1980"]
[BlackElo "2570"]
[Result "0-1"]
[Round "1"]
1.e4 e5
2.Bf1c4 Ng8f6
3.d3 c6
4.Ng1f3 d5
5.Bc4b3 Bf8b4
6.Bc1d2 Bb4xd2
7.Nb1xd2 a5
8.c3 Nb8d7
9.O-O O-O
10.Rf1e1 Qd8c7
11.h3 Nd7c5
12.Bb3c2 dxe4
13.Nd2xe4 Nf6xe4
14.dxe4 a4
15.a3 f6
16.Qd1e2 Bc8e6
17.Bc2d3 Rf8d8
18.Bd3c4 Qc7f7
19.Bc4xe6 Nc5xe6
20.Re1d1 Ne6f4
21.Qe2e3 Qf7b3
22.Rd1d2 Nf4e6
 { time }
0-1

[Event "1/16 Finale"]
[Site "www.chess-mail.com"]
[Date "2016.05.31"]
[Round "1"]
[White "Asoka"]
[Black "Vega"]
[WhiteElo "2730"]
[BlackElo "2540"]
[Result "1/2-1/2"]
[Round "1"]
1.e4 e5
2.Ng1f3 Nb8c6
3.Bf1b5 a6
4.Bb5xc6 dxc6
5.O-O f6
6.d4 exd4
7.Nf3xd4 c5
8.Nd4e2 Qd8xd1
9.Rf1xd1 Bc8d7
10.Bc1e3 O-O-O
11.Nb1c3 b6
12.Rd1d2 Ng8e7
13.Ra1d1 Ne7c6
14.Nc3d5 Bd7e6
15.Ne2f4 Be6f7
16.Nf4e2 Kb7
17.Be3f4 Bf8d6
18.Bf4xd6 Rd8xd6
19.Nd5e3 Rd6xd2
20.Rd1xd2 { draw }
1/2-1/2

[Event "1/64 Finale"]
[Site "www.chess-mail.com"]
[Date "2016.05.31"]
[Round "1"]
[White "Buchauer"]
[Black "Gatrooper"]
[WhiteElo "2680"]
[BlackElo "1480"]
[Result "1-0"]
[Round "1"]
1.d4 d5
2.c4 dxc4
3.e4 e6
4.Bf1xc4 a6
5.Ng1f3 Ng8f6
6.e5 Nf6e4
7.O-O h6
8.h4 Nb8c6
9.Bc4d3 Bf8b4
10.Bd3xe4 f5
11.Be4xc6 bxc6
12.Qd1a4 Bb4e7
13.Qa4xc6 Bc8d7
14.Qc6c4 Bd7b5
15.Qc4xe6 Bb5xf1
16.Kxf1 g5
17.hxg5 hxg5
18.Nf3xg5 Qd8xd4
19.Qe6c6 Qd4d7
20.Qc6xa8 Be7d8
21.Nb1c3 Rh8h1
22.Ke2 f4
23.e6 Qd7d4
24.Qa8c6 Kf8
25.e7 Kg8
26.e8Q { resign }
1-0

[Event "1/16 Finale"]
[Site "www.chess-mail.com"]
[Date "2016.05.31"]
[Round "1"]
[White "Marbachess"]
[Black "Yangqi"]
[WhiteElo "2479"]
[BlackElo "2670"]
[Result "1/2-1/2"]
[Round "1"]
1.f4 Ng8f6
2.b3 d6
3.e3 e5
4.fxe5 dxe5
5.Bc1b2 Bf8d6
6.Nb1c3 Nb8c6
7.Ng1h3 Bc8g4
8.Bf1e2 Bg4xh3
9.gxh3 Qd8d7
10.Be2f1 Qd7f5
11.Rh1g1 O-O-O
12.Rg1xg7 Nc6d4
13.exd4 exd4
14.Bf1d3 Qf5xh3
15.Nc3e4 Rh8e8
16.Qd1e2 Qh3h4
17.Kf1 Nf6xe4
18.Qe2g4 Qh4xg4
19.Rg7xg4 f5
20.Rg4g2 c5
21.Ra1e1 Bd6f4
22.Re1e2 a6
23.Ke1 Rd8d6
24.Kd1 Kc7
25.Rg2g7 Rd6d7
26.Rg7g1 Re8e5
27.a4 Kb6
28.Rg1f1 Bf4g5
29.Rf1e1 Rd7e7
30.Re1f1 Kc6
31.c3 c4
32.bxc4 dxc3
33.dxc3 Re7e8
34.Re2g2 h6
35.h4 Bg5xh4
36.Rg2g6 Re5e6
37.Rg6xe6 Re8xe6
38.Rf1xf5 Ne4f2
39.Kc2 Nf2xd3
40.Kxd3 Re6f6
41.Rf5d5 Rf6f3
42.Ke4 Rf3g3
43.Bb2a3 Rg3xc3
44.Rd5d6 Kc7
45.Rd6xh6 Rc3xa3
46.Rh6xh4 Ra3xa4
47.Kd5 Ra4a5
48.Kd4 Ra5a4
49.Kd5 Ra4a2
50.c5 Ra2d2
51.Kc4 Rd2d7
52.Rh4h6 Rd7g7
53.Rh6h1 Rg7g4
54.Kd5 Rg4g7
{ draw }
1/2-1/2

[Event "Eq:La Taverne-Royal chess : "]
[Site "www.chess-mail.com"]
[Date "2016.05.31"]
[Round "1"]
[White "Louis"]
[Black "Genius7"]
[WhiteElo "1940"]
[BlackElo "1850"]
[Result "0-1"]
[Round "1"]
1.e4 e6
2.d4 d5
3.exd5 exd5
4.Ng1f3 Ng8f6
5.Bf1d3 Bf8d6
6.O-O O-O
7.h3 c6
8.Nb1c3 Rf8e8
9.Rf1e1 Re8xe1
10.Qd1xe1 h6
11.a3 Nb8d7
12.Nf3e5 Qd8e7
13.f4 Nd7b6
14.g4 a6
15.Qe1g3 Nf6d7
16.Qg3f2 c5
{ resign }
0-1